|
|
|
|
| LEADER |
01342nam a22003375i 4500 |
| 001 |
28649 |
| 003 |
BD-DhAAL |
| 005 |
20141209101353.0 |
| 008 |
141209s2012 bg ab bs 000 0 eng |
| 010 |
|
|
|a 2013332110
|
| 020 |
|
|
|a 9789848998038
|
| 025 |
|
|
|a B-E-2013-332110; 22-91
|
| 037 |
|
|
|b Library of Congress -- New Delhi Overseas Office
|
| 040 |
|
|
|a DLC
|b eng
|e rda
|c DLC
|d BD-DhAAL
|
| 042 |
|
|
|a lcode
|
| 043 |
|
|
|a a-bg---
|
| 050 |
0 |
0 |
|a HT147.A3-ZB+
|
| 082 |
0 |
0 |
|2 22
|a 307.76095492
|
| 245 |
0 |
0 |
|a Bangladesh urban dynamics /
|c editor, Hossain Zillur Rahman.
|
| 260 |
|
|
|a Dhaka :
|b Powe and Participation Research Centre (PPRC),
|c 2012.
|
| 300 |
|
|
|a xvi, 262 pages :
|b color illustrations, maps (some color) ;
|c 24 cm
|
| 500 |
|
|
|a Includes statistical tables.
|
| 504 |
|
|
|a Includes bibliographical references.
|
| 541 |
|
|
|e 28649
|
| 650 |
|
0 |
|a Sociology, Urban
|z Bangladesh.
|9 6744
|
| 650 |
|
0 |
|a Urbanization
|z Bangladesh.
|9 6745
|
| 700 |
1 |
|
|a Rahman, Hossain Zillur,
|d 1951-
|e editor.
|9 6746
|
| 710 |
2 |
|
|a Power and Participation Research Centre (Dhaka, Bangladesh),
|e issuing body.
|9 6747
|
| 942 |
|
|
|2 ddc
|c BK
|
| 999 |
|
|
|c 33278
|d 33278
|
| 952 |
|
|
|0 0
|1 0
|2 ddc
|4 0
|6 307_760954920000000_BAN
|7 0
|9 44436
|a BRACUL
|b BRACUL
|c GEN
|d 2014-12-09
|e Development Book Agency
|g 800.00
|l 3
|m 4
|o 307.76095492 BAN
|p 3010028649
|r 2025-01-05
|s 2024-12-24
|t 1
|w 2014-12-09
|y BK
|